Visualizzazione normale
Vista MARC
- Labao
di Personal Name
Records bibliografici associati: 1
001 - CONTROL NUMBER
- control field: 26233
003 - CONTROL NUMBER IDENTIFIER
- control field: IT-RoPau
005 - DATE AND TIME OF LATEST TRANSACTION
- control field: 20140522213303.0
008 - FIXED-LENGTH DATA ELEMENTS
- fixed length control field: 140522|| aca||aabn | a|a d
040 ## - CATALOGING SOURCE
- Original cataloging agency: IT-RoPau
- Transcribing agency: IT-RoPau
100 ## - HEADING--PERSONAL NAME
- Personal name: Labao
- Miscellaneous information: Codice autore musica SPICS: 28907
- Relator term: Autore musica
- Name of part/section of a work: Vida louca vida
670 ## - SOURCE DATA FOUND
- Source citation: Work cat.: (IT-RoPau)99601: AA.VV. 794, O tempo nao para